| 000 | 00424nam a2200181Ia 4500 | ||
|---|---|---|---|
| 005 | 20240823045435.0 | ||
| 008 | 240823s9999||||xx |||||||||||||| ||und|| | ||
| 041 | _aENGLISH | ||
| 082 | _A658.1554 N3 | ||
| 100 | _aPrasanna Chandra | ||
| 245 | 4 | _aThe Investment game | |
| 250 | _a4th | ||
| 260 |
_c1993 _b"TMH,New Delhi" |
||
| 500 | _aYES | ||
| 650 |
_aManagement _bManagement Studies |
||
| 942 | _cBK | ||
| 999 |
_c214965 _d214965 |
||